00607nam a2200193Ia 4500003000400000005001700004008004100021040000900062082001500071100001400086245005500100260003300155300001000188630001800198650005800216942000900274952011300283999001700396OSt20211201051734.0211109s9999||||xx |||||||||||||| ||und|| cSBCL a530bMOL-P aMoller, C 0aProceedings of the International School of Physics bAcademic PressaLondonc2003 a264p. xGeneral Stack aNatural SciencesvPhysicsSchool of PhysicsxGeneralia cBOOK 00104070aSBCLbSBCLc2d2021-11-09g100.00l0o530 MOL-Pp00024920r2021-11-09 00:00:00w2021-11-09yBOOK c24155d24155